000 00498nam a2200181Ia 4500
005 20250317123139.0
008 008 250317s9999 xx 000 0 eng d
037 _aTextbook
040 _aFMSL
_beng
_cFMSL
041 _aeng
_2eng
084 _aT48 N3
_qFMSL
100 _aKerlinger F N
_9735610
245 0 _aResearch
260 _aLondon Holt
_bLondon Holt, Rinehart
_c1973
300 _a534p
942 _cTB
_hT48 N3
999 _c1250064
_d1250064